Valve selection handbook /
Guardado en:
| Autor Principal: | |
|---|---|
| Formato: | Libro |
| Idioma: | English |
| Publicado: |
Houston [Texas] :
Gulf Pub. Co.,
c1981.
|
| Materias: | |
| Etiquetas: |
Agregar Etiqueta
Sin Etiquetas, Sea el primero en etiquetar este registro!
|
| LEADER | 00685pam a22002055a 4500 | ||
|---|---|---|---|
| 001 | EIQ.libpla003824 | ||
| 008 | 810622s1981####txuao####bf###001#0#eng#d | ||
| 005 | 20080326161424.0 | ||
| 245 | 1 | 0 | |a Valve selection handbook / |c R.W. Zappe. |
| 260 | |a Houston [Texas] : |b Gulf Pub. Co., |c c1981. | ||
| 300 | |a xiii, 278 p. : |b il., fotos ; |c 24 cm. | ||
| 504 | |a Incluye referencias bibliográficas e índice. | ||
| 020 | |a 087201892X | ||
| 100 | 1 | |a Zappe, R. W., |d 1912- | |
| 082 | 0 | 0 | |a 621.8/4 |2 19 |
| 650 | 4 | |a Válvulas |x Handbooks, manuales, etc. | |
| 650 | 0 | |a Valves |x Handbooks, manuals, etc. | |
| 010 | |a 81006617 | ||
| 040 | |a DLC |c DLC |d AR-BbSID | ||
| 859 | |a AR-BbSID |b BIB. PLAPIQUI |h 621.84 |i Z 18 |p 3072 | ||
